[Event "ITA-ch U20"]
[Site "Tarvisio"]
[Date "2023.07.04"]
[Round "3"]
[White "Canella, Jacopo"]
[Black "Banfi, Gabrio"]
[Result "1-0"]
[WhiteElo "1962"]
[BlackElo "1277"]
[PlyCount "69"]
[EventDate "2023.07.02"]
[EventType "swiss"]
[EventRounds "9"]
[EventCountry "ITA"]
[SourceTitle "EXT 2024"]
[Source "ChessBase"]
[SourceDate "2023.10.10"]
[SourceVersion "1"]
[SourceVersionDate "2023.10.10"]
[SourceQuality "1"]

1. d4 f5 2. Nc3 Nf6 3. Nf3 e6 4. Bg5 Be7 5. Bxf6 Bxf6 6. e4 fxe4 7. Nxe4 0-0 8. Bd3 d5 9. Nxf6+ Qxf6 10. c3 Nd7 11. Qe2 c5 12. 0-0 c4 13. Bc2 Re8 14. Ba4 Re7 15. Bxd7 Bxd7 16. Ne5 Be8 17. Qg4 Qf5 18. Qxf5 exf5 19. f4 b5 20. a3 a5 21. Rfe1 Bf7 22. Kf2 Rae8 23. g3 a4 24. Re3 g6 25. Rae1 Kg7 26. h3 h5 27. Kf3 Kf6 28. Nd7+ Rxd7 29. Rxe8 Bxe8 30. Rxe8 Rb7 31. Rc8 Rb6 32. g4 hxg4+ 33. hxg4 fxg4+ 34. Kxg4 Rb7 35. Rc6+ 1-0